000 01063cam a2200337 a 4500
001 5782
003 FISKH
005 20250122080655.0
008 060321s2006 enka j 001 1 eng
010 _a 2006009011
020 _a9780756619282 (pbk. : alk. paper)
020 _a0756619289 (pbk. : alk. paper)
020 _a9780756619275 (alk. paper)
020 _a0756619270 (alk. paper)
040 _aDLC
_cDLC
_dDLC
_beng
050 _aPZ7.H5243
082 _a741.5
100 1 _aHibbert, Clare,
_d1970-
245 1 0 _aMeet the X-Men /
_cwritten by Clare Hibbert.
260 _aNew York :
_bDK Publishing,
_c2006.
300 _a32 pages :
_bcolor illustrations ;
_c23 cm
490 0 _aDK readers
_vBeginning to read alone Level 2
505 _aK
520 _aAn account of each of the X-Men including background and extraordinary powers.
521 8 _a510
_bLexile estimate
521 8 _aK
_bRaz-Plus
650 _aComics
_vX-Men
_xMarvel
906 _a7
_bcbc
_corignew
_d1
_eecip
_f20
_gy-gencatlg
942 _2ddc
_cBK
_n0
999 _c5782
_d5782